000 00348nam a2200157Ia 4500
003 Ost
005 20260225132550.0
008 260225s9999||||xx |||||||||||||| ||und||
040 _cfsic
041 _afre
082 _a440
100 _aJohn Zaller
_eAuteur
245 0 _aCapitalisme et démocratie /
245 0 _cJohn Zaller
942 _cكتاب
999 _c34073
_d34073